Most Populous City for Each Country - Statistics

General Stats
  • This quiz has been taken 49 times
    24 since last reset
  • The average score is 126 of 196
Answer Stats
Country Most Populous CIty % Correct
Algeria Algiers
100%
Argentina Buenos Aires
100%
Afghanistan Kabul
100%
Australia Sydney
100%
Democratic Rep. of the Congo Kinshasa
95%
Belarus Minsk
95%
France Paris
95%
Austria Vienna
95%
Azerbaijan Baku
89%
Belgium Brussels
89%
United Kingdom London
89%
Angola Luanda
89%
Luxembourg Luxembourg
89%
Brazil Sao Paulo
89%
Andorra Andorra la Vella
84%
Iraq Baghdad
84%
Egypt Cairo
84%
Denmark Copenhagen
84%
Bangladesh Dhaka
84%
Cuba Havana
84%
Finland Helsinki
84%
Spain Madrid
84%
United States New York City
84%
Czech Republic Prague
84%
Chile Santiago
84%
Bosnia and Herzegovina Sarajevo
84%
China Shanghai
84%
Albania Tirana
84%
Croatia Zagreb
84%
Ethiopia Addis Ababa
79%
Jordan Amman
79%
Netherlands Amsterdam
79%
Greece Athens
79%
Germany Berlin
79%
Colombia Bogota
79%
Romania Bucharest
79%
Venezuela Caracas
79%
Djibouti Djibouti
79%
United Arab Emirates Dubai
79%
Ireland Dublin
79%
Indonesia Jakarta
79%
Israel Jerusalem
79%
Ukraine Kiev
79%
Malaysia Kuala Lumpur
79%
Peru Lima
79%
Portugal Lisbon
79%
Philippines Manila
79%
Mexico Mexico City
79%
Monaco Monaco
79%
Cyprus Nicosia
79%
Norway Oslo
79%
Panama Panama City
79%
Iceland Reykjavik
79%
Italy Rome
79%
Singapore Singapore
79%
Bulgaria Sofia
79%
Sweden Stockholm
79%
Estonia Tallinn
79%
Iran Tehran
79%
Japan Tokyo
79%
Canada Toronto
79%
Libya Tripoli
79%
Tunisia Tunis
79%
Vatican City Vatican City
79%
Poland Warsaw
79%
Thailand Bangkok
74%
Rep. of the Congo Brazzaville
74%
Hungary Budapest
74%
Morocco Casablanca
74%
Sri Lanka Colombo
74%
India Delhi
74%
Vietnam Ho Chi Minh City
74%
Turkey Istanbul
74%
South Africa Johannesburg
74%
Jamaica Kingston
74%
Saint Vincent and the Grenadines Kingstown
74%
Nigeria Lagos
74%
Bahrain Manama
74%
Somalia Mogadishu
74%
Uruguay Montevideo
74%
Russia Moscow
74%
Kenya Nairobi
74%
Cambodia Phnom Penh
74%
Haiti Port-au-Prince
74%
North Korea Pyongyang
74%
Latvia Riga
74%
Yemen Sana'a
74%
Costa Rica San Jose
74%
El Salvador San Salvador
74%
South Korea Seoul
74%
Macedonia Skopje
74%
Taiwan Taipei
74%
Mongolia Ulaanbaatar
74%
Lithuania Vilnius
74%
Armenia Yerevan
74%
Ghana Accra
68%
Madagascar Antananarivo
68%
Paraguay Asuncion
68%
New Zealand Auckland
68%
Mali Bamako
68%
Lebanon Beirut
68%
Serbia Belgrade
68%
Slovakia Bratislava
68%
Sierra Leone Freetown
68%
Guyana Georgetown
68%
Nepal Kathmandu
68%
Sudan Khartoum
68%
Maldives Male
68%
Nicaragua Managua
68%
Liberia Monrovia
68%
Saudi Arabia Riyadh
68%
Dominican Republic Santo Domingo
68%
Georgia Tbilisi
68%
Namibia Windhoek
68%
Guinea-Bissau Bissau
63%
Senegal Dakar
63%
Tanzania Dar es Salaam
63%
Qatar Doha
63%
Tajikistan Dushanbe
63%
Botswana Gaborone
63%
Guatemala Guatemala City
63%
Zimbabwe Harare
63%
Pakistan Karachi
63%
Gabon Libreville
63%
Slovenia Ljubljana
63%
Oman Muscat
63%
Bahamas Nassau
63%
Niger Niamey
63%
Papua New Guinea Port Moresby
63%
Kosovo Pristina
63%
Dominica Roseau
63%
Cote d'Ivoire Abidjan
58%
Turkmenistan Ashgabat
58%
Eritrea Asmara
58%
Brunei Bandar Seri Begawan
58%
Kyrgyzstan Bishkek
58%
Barbados Bridgetown
58%
Moldova Chisinau
58%
East Timor Dili
58%
Mozambique Maputo
58%
Chad N'Djamena
58%
Burkina Faso Ouagadougou
58%
Montenegro Podgorica
58%
Mauritius Port Louis
58%
Cape Verde Praia
58%
Antigua and Barbuda St John's
58%
Fiji Suva
58%
Uzbekistan Tashkent
58%
Honduras Tegucigalpa
58%
Bhutan Thimphu
58%
Switzerland Zurich
58%
Belize Belize City
53%
Uganda Kampala
53%
Rwanda Kigali
53%
Malawi Lilongwe
53%
Suriname Paramaribo
53%
Grenada Saint George's
53%
São Tomé and Principe Sao Tome
53%
Seychelles Victoria
53%
Laos Vientiane
53%
Syria Aleppo
47%
Burundi Bujumbura
47%
South Sudan Juba
47%
Togo Lome
47%
Zambia Lusaka
47%
Comoros Moroni
47%
Mauritania Nouakchott
47%
Central African Republic Bangui
42%
Solomon Islands Honiara
42%
Marshall Islands Majuro
42%
Lesotho Maseru
42%
Tonga Nuku'alofa
42%
Vanuatu Port-Vila
42%
Kazakhstan Almaty
37%
Samoa Apia
37%
Saint Kitts and Nevis Basseterre
37%
Saint Lucia Castries
37%
Tuvalu Funafuti
37%
Benin Cotonou
32%
Cameroon Douala
32%
Myanmar Yangon
32%
Nauru Yaren
32%
Ecuador Guayaquil
26%
Kiribati Tarawa
26%
Equatorial Guinea Bata
16%
Bolivia Santa Cruz
16%
Malta Birkirkara
5%
Palau Koror
5%
Swaziland Manzini
5%
Liechtenstein Schaan
5%
San Marino Serravalle
5%
F.S. of Micronesia Weno Town
5%
Kuwait Al Ahmadi
0%
Gambia Brikama
0%
Guinea Camayenne
0%
Trinidad and Tobago Laventille
0%
No matching quizzes found
Score Distribution
Percent of People with Each Score
Percentile by Number Answered
Your Score History
You have not taken this quiz since the last reset